000 00445nam a2200181Ia 4500
005 20230622114335.0
008 131103s9999 xx 000 0 und d
040 _aLoreto College
041 _aEnglish
082 _aF
_bBAG
100 _aBagley,Desmond
245 4 _aThe Enemy
_cDesmond Bagley
260 _aNew York
_bHarper & Row,Publication
_c1977
300 _a255 p.
650 _aFiction in English
850 _aLCLIB
942 _cBK
999 _c16214
_d66693